Manual prático de controle interno na administração pública municipal / (Record no. 826)

MARC details
000 -LÍDER
Campo Fixo de Controle 00852nam a2200253 a 4500
001 - NÚMERO DE CONTROLE
Campo de Controle 826
003 - IDENTIFICAÇÃO DO NÚMERO DE CONTROLE
Campo de Controle BR-CuiBMT
005 - DATA E HORA DA ÚLTIMA ATUALIZAÇÃO
Campo de Controle 20231120230114.0
008 - DADOS FIXOS
Dados Fixos 230711s2008 prba 001 0 por d
020 ## - INTERNATIONAL STANDARD BOOK NUMBER
Nº do ISBN 9788536220468
040 ## - AGÊNCIA CATALOGADORA
Código da Agência Catalogadora BR-CuiBMT
Agência que transcreveu o registro BR-CuiBMT
080 ## - Nº DA CLASSIFICAÇÃO DECIMAL UNIVERSAL
Nº edição CDU 2007
Nº Class. CDU 35.078.3:352
090 ## - NÚMERO DE CHAMADA
Nº classificação 35.078.3:352
Cutter B748m
Ano/Edição 2. ed.
100 1# - ENTRADA PRINCIPAL -- AUTOR PESSOAL
Nome pessoal Botelho, Milton Mendes
245 10 - TÍTULO PRINCIPAL
Título principal Manual prático de controle interno na administração pública municipal /
Indicação de responsabilidade Milton Mendes Botelho.
250 ## - EDIÇÃO
Edição 2. ed., rev. e atual.
260 ## - PUBLICAÇÃO, DISTRIBUIÇÃO, ETC.
Local de publicação Curitiba :
Editora Juruá Ed.,
Data 2008.
300 ## - DESCRIÇÃO FÍSICA
N. páginas ou volumes 287 p. :
Ilustrações il. ;
Dimensões 21 cm
504 ## - NOTA DE BIBLIOGRAFIA, ETC.
Nota de bibliografia Inclui bibliografia e índice.
650 ## - ASSUNTO TÓPICO
Cabeçalho tópico ou nome geográfico Controle interno
Subdivisão geral Administração pública municipal
650 ## - ASSUNTO TÓPICO
Cabeçalho tópico ou nome geográfico Administração pública municipal
Subdivisão geral Rotinas de procedimentos
650 ## - ASSUNTO TÓPICO
Cabeçalho tópico ou nome geográfico Finanças municipais
942 ## - ELEMENTOS DE ENTRADA ADICIONAIS (KOHA)
Fonte de classificação ou esquema de arquivamento Classificação Decimal Universal
Tipo de item do Koha Livros
Holdings
Estado: removido Estado: perdido Fonte de classificação ou esquema de arquivamento Estado: danificado Indisponível para empréstimo Localização permanente Localização atual Data de aquisição Total Checkouts Número de Chamada completo Código de barras Date last seen Número do exemplar Preço efetivo a partir de Tipo de item (Koha)
    Classificação Decimal Universal     Biblioteca da Escola Superior de Contas do TCE/MT Biblioteca da Escola Superior de Contas do TCE/MT 20/11/2023   35.078.3:352 B748m 2. ed. BIBTCEMT23110762 20/11/2023 Ex. 1 20/11/2023 Livros
    Classificação Decimal Universal     Biblioteca da Escola Superior de Contas do TCE/MT Biblioteca da Escola Superior de Contas do TCE/MT 20/11/2023   35.078.3:352 B748m 2. ed. BIBTCEMT23110763 20/11/2023 Ex. 2 20/11/2023 Livros

Powered by Koha